000
00388nam a2200133Ia 4500
008
100328s9999 xx 000 0 und d
082
_b
63522
100
_a
रांगणेकर कुमुदिनी.
245
_a
चार उणे एक.
260
_b
शशीदीप.
630
_a
चार उणे एक.
730
_a
चार उणे एक.
942
_c
BOOK
999
_c
549397
_d
549394